000 01070cam a2200277 a 4500
005 20131028070531.0
008 990721s2000 nyuab b 001 0 eng
020 _a0312225814
020 _a031222771X
041 0 _aeng
080 _a327 GLO
245 0 0 _aGlobal focus :
_cedited by Martha Honey, Tom Barry.
250 _a1st ed.
260 _aNew York :
_bSt. Martin's Press,
_c2000.
300 _axxv, 340 p. :
_bill., maps ;
_c24 cm.
504 _aIncludes bibliographical references and index.
650 _aMarrëdhënie ndërkombëtare
651 0 _aUnited States
_xAdministrimi i marrëdhënieve ndërkombëtare
700 1 _aHoney, Martha.
700 1 _aBarry, Tom,
_d1950-
856 4 2 _3Contributor biographical information
_uhttp://www.loc.gov/catdir/bios/hol056/99041010.html
856 4 2 _3Publisher description
_uhttp://www.loc.gov/catdir/description/hol056/99041010.html
856 4 1 _3Table of contents
_uhttp://www.loc.gov/catdir/toc/hol053/99041010.html
942 _2udc
_cBK
999 _c169
_d169